Villes par stade de football - Aléatoire - Statistiques

Statistiques générales
  • Ce quiz a été pris 187 fois
  • Le résultat moyen est 6 sur 10
Statistiques - réponses
Stade Ville % Correct
Tottenham Hotspur Stadium Londres
100%
Orange Vélodrome Marseille
100%
Allianz Arena Munich
100%
Maracanã Rio de Janeiro
100%
San Siro Milan
96%
Roazhon Park Rennes
96%
Decathlon Arena Stade Pierre-Mauroy Lille
95%
Anfield Liverpool
95%
Juventus Stadium Turin
95%
Old Trafford Manchester
94%
Stade Geoffroy-Guichard Saint-Étienne
94%
Groupama Stadium Lyon
93%
Stade Bollaert-Delelis Lens
91%
Etihad Stadium Manchester
91%
Santiago Bernabéu Madrid
89%
Parc des Princes Paris
89%
Stade de la Beaujoire - Louis Fonteneau Nantes
88%
Stade Raymond Kopa Angers
87%
Camp Nou Barcelone
87%
Stade Louis-II Monaco
86%
Signal Iduna Park Dortmund
85%
Stade de la Mosson Montpellier
85%
Emirates Stadium Londres
83%
Stamford Bridge Londres
82%
Stade de la Licorne Amiens
81%
Stade de l'Aube Troyes
81%
Stade Abbé-Deschamps Auxerre
80%
Stade Charléty Paris
80%
Stade Geoffroy-Guichard Saint Etienne
79%
Red Bull Arena Leipzig
77%
Stade de la Meinau Strasbourg
76%
Stade Saint-Symphorien Metz
75%
Stadio Olimpico Rome
75%
Stade des Alpes Grenoble
73%
Le Stadium de ________ Toulouse
73%
Stadio Diego Armando Maradona Naples
71%
Allianz Riviera Nice
71%
Stade Francis-Le Blé Brest
70%
St James' Park Newcastle
70%
Stade du Roudourou Guingamp
69%
Stade Michel-d'Ornano Caen
68%
Cívitas Metropolitano Madrid
68%
Stade de l'Abbé-Deschamps Auxerre
67%
San Mamés Bilbao
65%
Estadio Azteca Mexico
65%
Ramón Sánchez-Pizjuán Séville
65%
BayArena Leverkusen
64%
Stade Océane Le Havre
63%
Volkswagen Arena Wolfsburg
61%
King Power Stadium Leicester
60%
Mercedes-Benz Arena Stuttgart
58%
Olympiastadion Berlin
57%
Stade Océane Le Havre
57%
Goodison Park Liverpool
53%
Villa Park Birmingham
47%
Stade Auguste-Delaune Reims
44%
La Bombonera Buenos Aires
43%
Stade Marcel-Picot Nancy
43%
Commerzbank-Arena Francfort
42%
Mestalla Valence
42%
Estadio de la Cerámica Villarreal
35%
Stade François-Coty Ajaccio
29%
Stadio Olimpico Grande ______ Turin
26%
Borussia-Park Mönchengladbach
25%
St Mary's Stadium Southampton
21%
RCDE Stadium Barcelone (Cornellà de Llobregat)
20%
Stadio Artemio Franchi Florence
20%
Stade Bonal Montbéliard
15%
Rose Bowl Pasadena
15%
Molineux Stadium Wolverhampton
15%
Veltins-Arena Gelsenkirchen
14%
Stade René-Gaillard Niort
12%
Balaídos Vigo
12%
Stade du Dr Bauer Saint-Ouen-sur-Seine
11%
Estádio do Morumbi São Paulo
8%
Benito Villamarín Séville
8%
City Ground Nottingham
6%
Ciutat de ________ Valence
6%
El Sadar Pampelune
4%
Los Cármenes Grenade
0%
Aucun quiz correspondant
Distribution des résultats
% des personnes avec chaque résultat
Percentile par nombre de réponses
Votre historique - résultats
Vous n’avez pas pris ce quiz